| 000 | 01319nam0a22002651 4500 | ||
|---|---|---|---|
| 001 | rc\2193013 | ||
| 005 | 20260406171841.0 | ||
| 035 | _a(NLR Aleph) 006484961 | ||
| 090 |
_a6072575 _c6072575 |
||
| 100 | _a20110829d1978 |||y0rusy50 ca | ||
| 101 | 0 | _arus | |
| 102 | _aRU | ||
| 105 | _ay j ||||| | ||
| 200 | 1 |
_aМетодические рекомендации к проведению занятий с пропагандистами по теме "Методы организации активной учебной работы в политических школах, кружках, семинарах" _fДом полит. просвещения МК и МГК КПСС |
|
| 210 |
_aЗагорск _cБ. и. _d[1978] |
||
| 215 |
_a5 с. _d19 |
||
| 225 | 1 | _aВ помощь кабинетам политического просвещения, методическим советам, руководителям пропагандистских семинаров | |
| 309 | _aБез тит. л. и обл. | ||
| 320 | _aБиблиогр.: с. 3-5 | ||
| 712 | 0 | 2 |
_aМосковский городской дом политического просвещения _3RU\NLR\AUTH\889939316 _9373502 |
| 801 | 0 |
_aRU _bNLR _gpsbo |
|
| 801 | 1 |
_aRU _bELAR _2rusmarc |
|
| 852 |
_aNLR _j78-4/10051 |
||
| 942 | _cBOOK | ||
| 980 | _aNB | ||